• 首页
  • 本馆介绍
  • 公告通知
  • 最新文献
  • 馆藏检索
  • 电子资源
  • 读者导购
  • 参考咨询
  • 我的图书馆
  • 登录
  • 详细信息显示
  • 放入我的书架
  • 预约/预借图书
  • 作者相关作品
  • 分类相关作品
  • 丛书相关作品
  • 出版社相关作品

书目信息

  • 表格格式
  • 工作单格式
  • 卡片格式
题名:
Office高手是怎样炼成的
    
 
作者: 何灿 著
分册:   WPS活学活用
出版信息: 北京   华龄出版社  2020.12
页数: 298页
开本: 24cm
丛书名:
单 册:
中图分类: TP317.1 , TP391.12
科图分类:
主题词: 办公自动化--ban gong zi dong hua--应用软件 , 汉字处理软件系统--han zi chu li ruan jian xi tong
电子资源:
ISBN: 978-7-5169-1774-9
000 01114nam 2200301 450
001 CAL 0120217141988
005 20230217093113.0
010    @a978-7-5169-1774-9@dCNY73.00
100    @a20210410d2020 em y0chiy0120 ea
101 0  @achi
102    @aCN@b110000
105    @aa z 000yy
106    @ar
200 1  @aOffice高手是怎样炼成的@AOffice gao shou shi zen yang lian cheng de@iWPS活学活用@f何灿著
210    @a北京@c华龄出版社@d2020.12
215    @a298页@c图@d24cm
300    @a书虫斋
314    @a何灿, 电脑培训学校Office, 职场教育首席讲师, Office软件操作的实践者、钻研者、总结者、分享者, 80后女作家。
330    @a本书共六章, 主要内容包括: WPS之公办文档, WPS之表格文档, WPS之文档样式与模板, WPS之修订与邮件合并, WPS之电子表格, WPS之演示文稿。
517 1  @aWPS活学活用@AWPS huo xue huo yong
606 0  @a办公自动化@Aban gong zi dong hua@x应用软件
606 0  @a汉字处理软件系统@Ahan zi chu li ruan jian xi tong
610 0  @aWPS Office
690    @aTP317.1@v5
690    @aTP391.12@v5
701  0 @a何灿@Ahe can@4著
801  0 @aCN@bBJXHZP@c20230228
905    @b1396591-4@dTP317.1@e752@f4
    
    Office高手是怎样炼成的.WPS活学活用/何灿著.-北京:华龄出版社,2020.12
    298页:图;24cm
    书虫斋
    
    ISBN 978-7-5169-1774-9:CNY73.00
    本书共六章, 主要内容包括: WPS之公办文档, WPS之表格文档, WPS之文档样式与模板, WPS之修订与邮件合并, WPS之电子表格, WPS之演示文稿。
●
相关链接 在E读中查询图书 在五车中查询图书 在当当中查询图书 在豆瓣中查询图书


正题名:Office高手是怎样炼成的     索取号:TP317.1/752         预约/预借

序号 登录号 条形码 馆藏地/架位号 状态 备注
1 1396591   213965912   第二样本阅览室/ [索取号:TP317.1/752] 在馆    
2 1396592   213965921   第三借阅区/ [索取号:TP317.1/752] 在馆    
3 1396593   213965930   第三借阅区/ [索取号:TP317.1/752] 在馆    
4 1396594   213965949   第三借阅区/ [索取号:TP317.1/752] 在馆    
唐山师范学院图书馆 欢迎您!
大连网信软件有限公司© 版权所有